000 00757nam a22002177a 4500
005 20240530110625.0
008 170103s2014 ua g 000 1 ara d
017 _a2013/17358
_bمصر. دار الكتب
020 _a9789770932698
040 _aEG-CaGPL
_cEG-CaGPL
082 0 4 _221
_a810.90358\
_bب ف
100 0 _aبلال فضل
245 1 0 _aفتح بطن التاريخ :
_bقراءات فى تاريخنا الذى يبيض نفسة /
_cبلال فضل
250 _aط. 2
260 _aالقاهرة :
_bدار الشروق ،
_c2014.
300 _a242 ص. ؛
_c19 سم.
650 0 7 _2qrmak
_aالادب العربى
650 0 7 _2qrmak
_aالمقالات العربية
942 _2ddc
_cBK
999 _c63137
_d63137